000
00289nam a2200097Ia 4500
008
190716s9999 xx 000 0 und d
082
_a
TD-50#
100
_a
Dhadave, Mallikarjun Shankarap
245
0
_a
Integration of slum into the community : a case study of Gulbarga city
942
_c
MF
_2
DDC
999
_c
24660
_d
24660